00612nam a2200157Ia 4500008004100000082001500041100002000056245003800076250001200114260005000126300001000176942001200186952012000198952012100318999001500439150201s2012 xx 000 0 und d a620.3bDUK aDukkipati,Rao V aTextbook of mechanical vibrations a2nd Ed. bPHI Learning Private LimitedaNew Delhic2012 a458p. 2ddccBK 00102ddc4070aFEbFEd2012-09-06iSGTUl8m1o620.3 DUKpFE5510r2020-03-13 00:00:00s2020-03-11w2015-02-09yBK 00102ddc4070aFEbFEd2012-09-06iSGTUl10m1o620.3 DUKpFE5511r2021-01-21 00:00:00s2020-03-11w2015-02-09yBK c5485d5485